000 00505nam a2200169 4500
001 148016
003 ES-MaACL
005 20251017063104.0
007 t|
008 070214s1928 gw r ||||1| ger d
100 1 _aSpranger, Eduard,
_d1882-1963
_9107790
245 1 0 _aKulter und Erziehung
_b: gesammelte pèadagogische Aufsèatze /
_cEduard Spranger.
260 _aLeipzig :
_bQuelle & Meyer,
_c1928.
300 _a290 p. ;
_c21 cm.
852 _aES-MaACL
_jA-3272
999 _c148016
_d148016